Metodología didáctica para la lectura : (Record no. 163777)

MARC details
000 -LEADER
campo de control de longitud fija 00633nam a2200169 i 4500
001 - NÚMERO DE CONTROL
campo de control 163777
003 - IDENTIFICADOR DE NÚMERO DE CONTROL
campo de control ES-MaACL
005 - FECHA Y HORA DE LA ÚLTIMA TRANSACCIÓN
campo de control 20250822051114.0
008 - DATOS DE LONGITUD FIJA--INFORMACIÓN GENERAL
campo de control de longitud fija 050718q1916 sp | |||||||| ||spa d
100 1# - ENTRADA PRINCIPAL--NOMBRE DE PERSONA
Nombre de persona Rodríguez García, Gerardo.
9 (RLIN) 98539
245 10 - MENCIÓN DEL TÍTULO
Título Metodología didáctica para la lectura :
Resto del título estudio pedagógico en relación con los libros del alumno titulados "Para aprender a leer" /
Mención de responsabilidad, etc. Gerardo Rodríguez García.
260 ## - PUBLICACIÓN, DISTRIBUCIÓN, ETC.
Lugar de publicación, distribución, etc. Burgos :
Nombre del editor, distribuidor, etc. Hijos de Santiago Rodríguez,
Fecha de publicación, distribución, etc. [1916?]
300 ## - DESCRIPCIÓN FÍSICA
Extensión 308 p. ;
Dimensiones 21cm.
650 #4 - PUNTO DE ACCESO ADICIONAL DE MATERIA--TÉRMINO DE MATERIA
Término de materia o nombre geográfico como elemento de entrada Lectura-
Subdivisión general Estudio y enseñanza
9 (RLIN) 14062
852 4# - LOCALIZACIÓN
Ubicación ES-MaACL
Número de control de estantería A-1844
Holdings
Estatus retirado Estado de pérdida Estado de daño No para préstamo Biblioteca de origen Biblioteca actual Ubicación en estantería Fecha de adquisición Fuente de adquisición Total de préstamos Signatura topográfica completa Código de barras Visto por última vez Precio de reemplazo Tipo de ítem Koha
        Biblioteca del Ateneo de Madrid Biblioteca del Ateneo de Madrid Sala Pecera Planta 1 17/01/2008     A-1844 1171637 23/02/2023 23/02/2023 Libro impreso